Catálogo

Ciudades en desarrollo : (Registro nro. 66418)

Detalles MARC
000 -LEADER
fixed length control field 00970nam a2200277 u 4500
001 - CONTROL NUMBER
control field 66418
005 - DATE AND TIME OF LATEST TRANSACTION
control field 20221207100052.0
008 - FIXED-LENGTH DATA ELEMENTS--GENERAL INFORMATION
fixed length control field 161021s1993 mx r 000 0 spa d
020 ## - INTERNATIONAL STANDARD BOOK NUMBER
International Standard Book Number 9682318661
041 ## - LANGUAGE CODE
Language code of text/sound track or separate title spa
082 0# - DEWEY DECIMAL CLASSIFICATION NUMBER
Classification number 711.4
Item number MAS
100 1# - MAIN ENTRY--PERSONAL NAME
Personal name Massiah, Gustave,
Relator term autor
9 (RLIN) 2982
245 10 - TITLE STATEMENT
Title Ciudades en desarrollo :
Remainder of title ensayo sobre las políticas urbanas en el tercer mundo /
Statement of responsibility, etc. por Gustave Massiah y Jean-Francois Tribillon.
250 ## - EDITION STATEMENT
Edition statement Primera edición
264 #1 - PRODUCTION, PUBLICATION, DISTRIBUTION, MANUFACTURE, AND COPYRIGHT NOTICE
Place of production, publication, distribution, manufacture México :
Name of producer, publisher, distributor, manufacturer Siglo XXI Editores,
Date of production, publication, distribution, manufacture, or copyright notice 1993
300 ## - PHYSICAL DESCRIPTION
Extent 310 páginas ;
Dimensions 21 cm.
336 ## - CONTENT TYPE
Content type term texto
Source rdacontent
337 ## - MEDIA TYPE
Media type term sin mediación
Source rdamedia
338 ## - CARRIER TYPE
Carrier type term volumen
Source rdacarrier
490 0# - SERIES STATEMENT
Series statement Arquitectura y urbanismo
650 #4 - SUBJECT ADDED ENTRY--TOPICAL TERM
Topical term or geographic name entry element Ciudades y pueblos
General subdivision Planeación
650 #4 - SUBJECT ADDED ENTRY--TOPICAL TERM
Topical term or geographic name entry element Urbanismo
700 1# - ADDED ENTRY--PERSONAL NAME
Personal name Tribillon, Jean-François,
Relator term autor
700 1# - ADDED ENTRY--PERSONAL NAME
Personal name Mur Ubasart, Martín,
Relator term traductor
740 0# - ADDED ENTRY--UNCONTROLLED RELATED/ANALYTICAL TITLE
Uncontrolled related/analytical title villes en développement essai sur les politiques urbaines dans le tiers monde
Existencias
Withdrawn status Lost status Source of classification or shelving scheme Damaged status Not for loan Collection code Home library Current library Shelving location Date acquired Source of acquisition Total Checkouts Full call number Barcode Date last seen Price effective from Koha item type Inventory number
    Dewey Decimal Classification     General Biblioteca Karol Wojtyla Biblioteca Karol Wojtyla Sala general 21/10/2016 Compra   711.4 MAS 1993 96655 05/01/2026 17/11/2016 Libro 151000000000000000027967
    Dewey Decimal Classification     General Tehuacán Tehuacán Sala general 13/06/2015 Compra   301.36 MAS 1993 509769 08/01/2025 13/06/2015 Libro